01925nam a22002897a 4500003000900000008004100009040007100050082002100121110005500142245008100197260002800278300002900306440004800335505095800383650003001341650002501371650001401396650003001410650002901440700002001469700002501489700001801514700002601532700002001558700003201578700002501610AR-CdUCM190425b ||||| |||| 00| 0 spa d aMUNICIPALIDAD PROVINCIAL DEL CUSCOcBIBLIOTECA MUNICIPAL DEL CUSCO aRev.MA/N°4/2000 aUniversidad Nacional De San Antonio Abad del Cusco aMaestros Antonianos II /cUniversidad Nacional de San Antonio Abad del Cusco aCusco :bUNSAAC,c2000. a227 páginas. :c25 cm. aEdiciones Especiales UNSAACnSiglo XX. N°4 aContenido: Alberto Coello. La estereoquímica. -- Humberto José Castro. Nueva teoría para explicar el mecanismo de los fenómenos catalíticos i de la fermentación. -- M. Alejandro Arévalo G. Teoría Atómica y Radioactividad. -- Luis A. Pardo. El Cuzco en la era megalítica. Ruinas de Hatun Rumiyoc y otros restos. Casa de Hatun Rumiyocc. Hacia Ahuacpinta. Incatiana. Restos aislados. Estilo ciclópeo. Cuando se destruyo el Cuzco de la era megalítica. -- Oswaldo Baca Mendoza. Leyes genéticas de los elementos químicos. Nuevo sistema periódico. Tesis para optar el grado de doctor en Ciencias Naturales y Físicas. Un indicador de acidez y alcalinidad. -- Horacio Villanueva Urteaga. Prehistoria. Los primeros pobladores de Cajamarca. Las toponimias aborígenes del departamento de Cajamarca. Historia. La conquista de Cajamarca. Cajamarca colonial. -- Carlos Kalafatovich V. La edad formativa de la formación Pachatusan.  aIntelectuales cusqueños aCusqueños ilustres aQuímica aCientíficos cusqueños aArqueología cusqueña aCoello, Alberto aArévalo, Alejandro aPardo, Luis A aBaca Mendoza, Oswaldo aVargas, César aVillanueva Urteaga, Horacio aKalafatovich, Carlos